<?xml version="1.0" encoding="UTF-8"?>
<record
    xmlns:xsi="http://www.w3.org/2001/XMLSchema-instance"
    xsi:schemaLocation="http://www.loc.gov/MARC21/slim http://www.loc.gov/standards/marcxml/schema/MARC21slim.xsd"
    xmlns="http://www.loc.gov/MARC21/slim">

  <leader>01558nam a2200325 i 4500</leader>
  <controlfield tag="003">DO-SdBNP</controlfield>
  <controlfield tag="005">20250801092333.0</controlfield>
  <controlfield tag="007">ta</controlfield>
  <controlfield tag="008">081127s1998    dr a          000 j spa d</controlfield>
  <datafield tag="040" ind1=" " ind2=" ">
    <subfield code="a">DO-SdBNP</subfield>
    <subfield code="b">spa</subfield>
    <subfield code="c">BNPHU</subfield>
    <subfield code="e">rda</subfield>
  </datafield>
  <datafield tag="041" ind1=" " ind2=" ">
    <subfield code="a">spa</subfield>
  </datafield>
  <datafield tag="049" ind1=" " ind2=" ">
    <subfield code="a">BNPD</subfield>
  </datafield>
  <datafield tag="082" ind1=" " ind2="4">
    <subfield code="a">813.3</subfield>
    <subfield code="b">R696m</subfield>
    <subfield code="2">22</subfield>
  </datafield>
  <datafield tag="100" ind1="1" ind2=" ">
    <subfield code="a">Rodr&#xED;guez Calca&#xF1;o, Rafael,</subfield>
    <subfield code="e">autor</subfield>
    <subfield code="4">aut.</subfield>
    <subfield code="9">1335</subfield>
  </datafield>
  <datafield tag="245" ind1="1" ind2="0">
    <subfield code="a">Moby Dick /</subfield>
    <subfield code="c">Herman Melville ; versi&#xF3;n, Rafael Rodr&#xED;guez Calca&#xF1;o ; ilustraci&#xF3;n, Dorindo Carvalho.</subfield>
  </datafield>
  <datafield tag="264" ind1=" " ind2="1">
    <subfield code="a">Santo Domingo :</subfield>
    <subfield code="b">Tobog&#xE1;n - Panapo,</subfield>
    <subfield code="c">1998.</subfield>
  </datafield>
  <datafield tag="300" ind1=" " ind2=" ">
    <subfield code="a">117 p&#xE1;ginas :</subfield>
    <subfield code="b">ilustraciones ;</subfield>
    <subfield code="c">23 cm.</subfield>
  </datafield>
  <datafield tag="336" ind1=" " ind2=" ">
    <subfield code="a">texto</subfield>
    <subfield code="b">txt</subfield>
    <subfield code="2">rdacontent</subfield>
  </datafield>
  <datafield tag="337" ind1=" " ind2=" ">
    <subfield code="a">sin mediaci&#xF3;n</subfield>
    <subfield code="b">n</subfield>
    <subfield code="2">rdamedia</subfield>
  </datafield>
  <datafield tag="338" ind1=" " ind2=" ">
    <subfield code="a">volumen</subfield>
    <subfield code="b">nc</subfield>
    <subfield code="2">rdacarrier</subfield>
  </datafield>
  <datafield tag="490" ind1="1" ind2=" ">
    <subfield code="a">Colecci&#xF3;n Cl&#xE1;sicos Universales</subfield>
  </datafield>
  <datafield tag="505" ind1="0" ind2=" ">
    <subfield code="a">En busca de aventura --</subfield>
    <subfield code="t">La posada del surtidor --</subfield>
    <subfield code="t">Encuentro a Queequeg --</subfield>
    <subfield code="t">Nantucket --</subfield>
    <subfield code="t">La partida --</subfield>
    <subfield code="t">La tripulaci&#xF3;n --</subfield>
    <subfield code="t">El juramento --</subfield>
    <subfield code="t">Primera botadura --</subfield>
    <subfield code="t">El surtidor fantasma --</subfield>
    <subfield code="t">Historia del &lt;&lt;Town-Ho&gt;&gt; --</subfield>
    <subfield code="t">El gran &lt;&lt;Squid&gt;&gt; --</subfield>
    <subfield code="t">Los piratas --</subfield>
    <subfield code="t">las extremidades perdidas --</subfield>
    <subfield code="t">Starbuck y el capit&#xE1;n --</subfield>
    <subfield code="t">Un arp&#xF3;n para el cachalote --</subfield>
    <subfield code="t">La extra&#xF1;a profec&#xED;a --</subfield>
    <subfield code="t">Encuentro con el &lt;&lt;Raquel&gt;&gt; --</subfield>
    <subfield code="t">Primer d&#xED;a de caza --</subfield>
    <subfield code="t">Segundo d&#xED;a de caza --</subfield>
    <subfield code="t">Tercer d&#xED;a de caza --</subfield>
    <subfield code="t">Ep&#xED;logo --</subfield>
  </datafield>
  <datafield tag="590" ind1=" " ind2=" ">
    <subfield code="a">Inventariado, 2025/BT</subfield>
  </datafield>
  <datafield tag="650" ind1=" " ind2="4">
    <subfield code="a">Cuentos de mar</subfield>
    <subfield code="9">1336</subfield>
  </datafield>
  <datafield tag="650" ind1=" " ind2="4">
    <subfield code="a">Literatura estadounidense</subfield>
    <subfield code="9">263</subfield>
  </datafield>
  <datafield tag="700" ind1="1" ind2="2">
    <subfield code="a">Melville, Herman.</subfield>
    <subfield code="d">1819-1891.</subfield>
    <subfield code="t">Moby Dick.</subfield>
    <subfield code="9">1337</subfield>
  </datafield>
  <datafield tag="700" ind1="1" ind2=" ">
    <subfield code="a">Carvalho, Dorindo.</subfield>
    <subfield code="e">ilustrador</subfield>
    <subfield code="4">il.</subfield>
    <subfield code="9">1338</subfield>
  </datafield>
  <datafield tag="910" ind1=" " ind2=" ">
    <subfield code="a">Btav&#xE1;rez</subfield>
  </datafield>
  <datafield tag="942" ind1=" " ind2=" ">
    <subfield code="2">ddc</subfield>
    <subfield code="c">LBS1</subfield>
  </datafield>
  <datafield tag="952" ind1=" " ind2=" ">
    <subfield code="0">0</subfield>
    <subfield code="1">0</subfield>
    <subfield code="2">ddc</subfield>
    <subfield code="5">1</subfield>
    <subfield code="7">0</subfield>
    <subfield code="8">PD</subfield>
    <subfield code="a">BNPHU</subfield>
    <subfield code="b">BNPHU</subfield>
    <subfield code="c">CT</subfield>
    <subfield code="d">2025-08-01</subfield>
    <subfield code="e">Donado por Carmen Luisa</subfield>
    <subfield code="l">0</subfield>
    <subfield code="o">BNPHU PD 813.3 R696m</subfield>
    <subfield code="p">2025-7676</subfield>
    <subfield code="r">2025-08-01</subfield>
    <subfield code="w">2025-08-01</subfield>
    <subfield code="y">LBS1</subfield>
  </datafield>
  <datafield tag="999" ind1=" " ind2=" ">
    <subfield code="c">59704</subfield>
    <subfield code="d">59704</subfield>
  </datafield>
</record>
